000 01230cam a22001934a 4500
005 20250605164330.0
008 250528s ||||||||||||||||||||||||d
035 _a23184
020 _a9781597564892
040 _aGR-AtMCL
_bgre
_dGR-AtMCL
_eAACR2
245 1 _aIntroduction to Language Development
260 _bPlural Publishing,
_c2014
300 _a352
520 _aThis book provides an up - to - date yet comprehensive introduction to the complexity of language development. The Textbook is designed for use in language acquisition courses, undergraduate and graduate - level courses, and speech - language pathology programs. Preface, Acknowledgements, An Introduction to Language Acquisition, An Introduction to Theories of Language Development, Speech Production, The Brain and Speech and Language Development, Infant and Toddler Language Development, Preschool - Age Children's Language Development, Language Development in Middle and Late Childhood, The Development of Literacy Skills, Factors Associated with Delivering Speech and Language Services to Bilinguals, The Effect of Hearing Loss on Language, Glossary, Index.
700 1 _aLevey Sandra
_98762
942 _cBK
999 _c8214
_d8214